Sessão publica da Academia Real das Sciencias de Lisboa em 9 de junho de 1880 / (Record no. 23957)

MARC details
000 -LEADER
campo de control de longitud fija 00796nam a2200193 i 4500
001 - NÚMERO DE CONTROL
campo de control 23957
003 - IDENTIFICADOR DE NÚMERO DE CONTROL
campo de control ES-MaACL
005 - FECHA Y HORA DE LA ÚLTIMA TRANSACCIÓN
campo de control 20230906152950.0
007 - CAMPO FIJO DE DESCRIPCIÓN FÍSICA--INFORMACIÓN GENERAL
campo de control de longitud fija t|
008 - DATOS DE LONGITUD FIJA--INFORMACIÓN GENERAL
campo de control de longitud fija 021213s1880 po ||||1| por d
110 2# - ENTRADA PRINCIPAL--NOMBRE DE ENTIDAD CORPORATIVA
Nombre de entidad corporativa o nombre de jurisdicción como elemento de entrada Academia das Ciências de Lisboa.
9 (RLIN) 1159
245 10 - MENCIÓN DEL TÍTULO
Título Sessão publica da Academia Real das Sciencias de Lisboa em 9 de junho de 1880 /
Mención de responsabilidad, etc. allocução do Vice-Presidente Interino João de Andrade Corvo e relatorio dos trabalhos da Academia pelo Secretario Geral Interino José María Latino Coelho.
260 ## - PUBLICACIÓN, DISTRIBUCIÓN, ETC.
Lugar de publicación, distribución, etc. Lisboa :
Nombre del editor, distribuidor, etc. [s.n.],
Fecha de publicación, distribución, etc. 1880 (
Fabricante Typ. da Academia)
300 ## - DESCRIPCIÓN FÍSICA
Extensión XLVIII, 95 p. ;
Dimensiones 22 cm.
700 1# - ENTRADA AGREGADA--NOMBRE PERSONAL
Nombre de persona Corvo, João de Andrade.
9 (RLIN) 21523
700 1# - ENTRADA AGREGADA--NOMBRE PERSONAL
Nombre de persona Coelho, José María Latino (
Fechas asociadas al nombre 1825-1891)
9 (RLIN) 126522
852 ## - LOCALIZACIÓN
Ubicación ES-MaACL
Número de control de estantería T-430-F-2
852 ## - LOCALIZACIÓN
Ubicación ES-MaACL
Número de control de estantería T-431-F-1
Holdings
Estatus retirado Estado de pérdida Estado de daño No para préstamo Colección Biblioteca de origen Biblioteca actual Ubicación en estantería Fecha de adquisición Fuente de adquisición Total de préstamos Signatura topográfica completa Código de barras Visto por última vez Precio de reemplazo Tipo de ítem Koha
        Colección de folletos Biblioteca del Ateneo de Madrid Biblioteca del Ateneo de Madrid Depósito folletos 07/05/2005     T-431-F-1 1201877 23/02/2023 23/02/2023 Folleto
        Colección de folletos Biblioteca del Ateneo de Madrid Biblioteca del Ateneo de Madrid Depósito folletos 17/01/2008     T-430-F-2 1024693 23/02/2023 23/02/2023 Folleto